| 000 | 00866nam a22002417a 4500 | ||
|---|---|---|---|
| 005 | 20100818151513.0 | ||
| 010 | _aENG-100883 | ||
| 020 |
_a9788189228521 _c600.00 |
||
| 035 | _aEN-84416 | ||
| 037 | _bDBAD/PUB | ||
| 082 | _a577 | ||
| 100 |
_aSharma, Mukesh Kumar _914919 |
||
| 245 |
_aApplied biodiversity / _cby Mukesh Kumar Sharma, Snehlata [and] Gopal Sharan Gupta |
||
| 260 |
_aJaipur _bRachana Prakashan _c2009 |
||
| 270 |
_a57, Natani Bhawan, Mishra Raja Ji Ka Rasta Chandpole Bazar _bJaipur _e1 |
||
| 300 |
_a300p. _c23cm (Hb) |
||
| 500 | _aincludes bibliographical references | ||
| 650 |
_aBiodiversity - Ecology _914920 |
||
| 700 |
_aSnehlata _914921 |
||
| 700 |
_aGupta, Gopal Sharan _914922 |
||
| 942 |
_2ddc _cEN _h577 _mSHA |
||
| 999 |
_c42467 _d42467 |
||